Statistics for ABC Path - Puzzle Logic Game #2

Click here to take the quiz!

General Stats

  • This quiz has been taken 681 times
  • The average score is 21 of 24

Answer Stats

Answer% Correct
B
92%
C
92%
E
92%
D
91%
F
89%
J
89%
K
89%
G
88%
H
88%
I
88%
L
88%
O
88%
M
87%
N
86%
P
86%
Q
86%
S
85%
R
84%
T
84%
U
82%
V
81%
W
78%
X
76%
Y
73%

Score Distribution

Percentile by Number Answered

Percent of People with Each Score

Your Score History

You have not taken this quiz